000 00894nas a2200301 4500
001 BR0404368
003 BR-BrBNA
005 20231205104827.0
007 ta
008 230509b bl.|||p| |||| 00| 00por d
040 _aBR-BrBNA
_bpor
_cBiblioteca Nacional de Agricultura
041 _a(Pt)
072 _aH10
100 1 _aSampaio, M.V.
100 1 _aBueno, V.H.P.
100 1 _aSoglia, M.C.M.
100 1 _aRodrigues, S.M.M.
245 1 _aOcorrência de Binodoxys brevicornis (Haliday, 1833)(Hymenoptera, Braconidae, Aphidiinae)no Brasil
650 _aCENOURA
650 _aAIPO
650 _aHIMENOPTERO
650 _aPRAGA DE PLANTA
650 _aPARASITO
650 _aPULGÃO
773 0 _tRevista Brasileira de Entomologia (Brazil)
_xISSN 0085-5626
_g(Oct-Dec 2003), v. 47(4) p. 649-651
_wBR0404368
909 _a202311
_bLúcia
_c55
_dLúcia Elande
942 _2AGRIS
_n0
_cANA
999 _c179860
_d179860